00750 a2200217 4500001000700000003000400007005001700011008004100028020001800069082002300087100009300110245013100203260004100334300001000375630001600385630002200401630001800423630003100441700003100472700002900503139008OSt20210930163857.0  a9788180691768 a307.14120954bL47L1 aLearning to share : experiences and reflections on participatory approaches (Volume III)1 aLearning to share : experiences and reflections on participatory approaches (Volume III)cedited by Neela Mukherjee...[et.al.] aNew DelhibConcepts Publishingc2004 a159p. aSocial Work aRural development aSocial action aWomen in rural development aMukherjee, Neela eeditor  aDasgupta, Rupa eeditor